Honfleur - Choix multiples - Statistiques

Statistiques générales
  • Ce quiz a été pris 36 fois
  • Le résultat moyen est 6 sur 10
Statistiques - réponses
Question Réponse % Correct
Sur l'estuaire de quel fleuve Honfleur se situe-t-elle ? La Seine
85%
Quelle ville aperçoit-on facilement depuis Honfleur, de l'autre côté de ce cours d'eau ? Le Havre
85%
De qui sont les paroles "T'as voulu voir Honfleur, et on a vu Honfleur" ? Jacques Brel
79%
Que fit Samuel de Champlain après avoir quitté le port de Honfleur en 1608 ? Il fonda la ville de Québec.
73%
Lequel de ces éléments ne fait pas partie des 57 monuments honfleurais classés monuments historiques ? Le pont de Tancarville
70%
Quelle est la particularité de l'église Sainte-Catherine de Honfleur ? Elle est construite essentiellement en bois.
67%
Combien de captifs environ furent déportés par les expéditions négrières au départ de Honfleur ? 50 000
58%
Lequel de ces peintes, né dans la ville, est l'un des plus illustre représentant de l'Ecole de Honfleur ? Eugène Boudin
52%
Laquelle de ces peintures représente Honfleur ?
48%
Qui séjourna brièvement à Honfleur avant de quitter la France pour l'Angleterre en février-mars 1848 ? Louis-Philippe Ier
30%
Aucun quiz correspondant
Distribution des résultats
% des personnes avec chaque résultat
Percentile par nombre de réponses
Votre historique - résultats
Vous n’avez pas pris ce quiz